000
00307nam a22001337a 4500
008
170809b xxu||||| |||| 00| 0 eng d
020
_a
9781878058614
041
_a
eng
080
_a
004
100
_a
35
101
_a
SHK
245
_a
SETTING UP AN INTERNET SITE FOR DUMMIES
_c
COOMBS,J
942
_2
udc
_c
BK
999
_c
22995
_d
22995